Wizard101: Fire Spells by Picture - Statistics

General Stats
  • This quiz has been taken 16 times
  • The average score is 24 of 41
Answer Stats
Picture Answer % Correct
Fire Cat
100%
Fire Elf
100%
Fire Trap
100%
Phoenix
92%
Sunbird
92%
Fireblade
85%
Fire Prism
85%
Heck Hound
85%
Steal Charm
85%
Detonate
77%
Efreet
77%
Fire Dragon
77%
Link
77%
Meteor Strike
77%
Rain of Fire
77%
Smoke Screen
77%
Fire From Above
69%
Helephant
69%
King Artorius
69%
Raging Bull
69%
Wyldfire
69%
Fuel
62%
Immolate
62%
Scald
62%
Sun Serpent
62%
Power Link
54%
Scion of Fire
54%
Backdraft
46%
Glacial Shield
46%
Scorching Scimitars
46%
Blast Off!
38%
Fire Elemental
38%
Ammut
31%
Choke
31%
Glacial Golem
23%
Phantasmania!
23%
Glimpse of Infinity
15%
S'more Machine
15%
Inferno Salamander
8%
Naphtha Scarab
8%
Sir Lamorak
8%
No matching quizzes found
Score Distribution
Percent of People with Each Score
Percentile by Number Answered
Your Score History
You have not taken this quiz